000 01031cam a22003011a 4500
001 8456961
003 OSt
005 20220309162022.0
008 850510s1960 un a b 000 0 rus
010 _a 64059077
035 _a(OCoLC)12017795
040 _aDLC
_cHU
_dDLC
042 _apremarc
050 0 0 _aS593
_b.K79
070 0 _aS593.K6
072 0 _aJ500
082 _a631.4 RAI 1977
100 1 _aKovalev, P. V.
_q(Pavel Vasilʹevich)
_932493
242 0 0 _aLaboratory studies based on the principles of soil science.
245 1 0 _aLaboratornye zani︠a︡tii︠a︡ po osnovam pochvovedenii︠a︡ /
_cP.V. Kovalev, E.M. Serbinova ; [otvetstvennyĭ redaktor V.N. Boboshko].
260 _aKharʹkov :
_bIzd-vo Kharʹkovskogo gosuniversiteta,
_c1960.
300 _a84, [2] p. :
_bill. ;
_c22 cm.
504 _aBibliography: p. [86].
700 1 _aSerbinova, E. M.
_q(Elena Mikhaĭlovna)
_932494
700 1 _aBoboshko, V. N.
_932495
906 _a7
_bcbc
_coclcrpl
_du
_encip
_f19
_gy-gencatlg
942 _2ddc
_cBOOKS
_n0
999 _c32439
_d32439